Prvé kroky v e-learningu na KAJL FPHV PU

Bibliographic Details
Main Author: Cimermanová, Ivana, 1972- (Author)
Format: Article
Language:Slovak
PhysicalDescription:Obr.
ISBN:9788080686567
Subjects:

MARC

LEADER 00000nab a2200000 a 4500
001 vtls010264931
003 SK-MaSNL
005 20260426101844.0
008 110318c2007 xo r m 000 00slo
015 |a SNBRA2011/04SVKPO 
038 |a SVKPO 
040 |a SVKPOCL  |b slo  |c SVKPOCL  |e AACR2 
041 0 |a slo 
044 |a xo  |c SK 
080 |a 81'24  |2 2001 
080 |a 371.3:004  |2 2001 
080 |a 811.111'24  |2 2001 
080 |a 37.018.43  |2 2001 
080 |a 378.4.096:8(437.671.117.176)  |2 2001 
100 1 |a Cimermanová, Ivana,  |d 1972-  |4 aut  |9 48593 
245 1 0 |a Prvé kroky v e-learningu na KAJL FPHV PU  |c Ivana Cimermanová 
300 |a Obr. 
504 |a Bibliogr. odkazy 
546 |a Res. angl. 
610 2 7 |a Prešovská univerzita v Prešove.  |b Fakulta humanitných a prírodných vied.  |b Katedra anglického jazyka a literatúry  |2 svkpocl  |9 84812 
650 0 7 |a vyučovanie jazykov  |2 svkpocl  |9 31418 
650 0 7 |a angličtina  |2 svkpocl  |9 1260 
650 0 7 |a dištančné vzdelávanie  |2 svkpocl  |9 4329 
650 0 7 |a e-learning  |2 svkpocl  |9 28660 
650 0 7 |a počítačom podporované vyučovanie  |2 svkpocl  |9 66766 
773 0 |t E-lear[n]ing - využitie internetových projektov pri príprave učiteľov cudzieho jazyka / Martina Kášová (ed.)  |d Prešov : Filozofická fakulta Prešovskej univerzity, 2007  |g S. 52-59  |z 9788080686567 
852 |a SVKPO  |b KIS3GCP 
958 |a SK 
958 |a NB 
999 |c 3241313  |d 3243243